000
00243nam a2200097Ia 4500
008
170620s9999 xx 000 0 und d
100
_a
Sharma- R. A.
245
0
_a
Wentry Research Report
260
_b
Meerut; International Publishing House
260
_c
2007
300
_a
56
999
_c
28297
_d
28297